[Event "Candidates final"]
[Site "Moscow"]
[Date "1974.??.??"]
[Round "21"]
[White "Kortschnoj, Viktor"]
[Black "Karpov, Anatoly"]
[Result "1-0"]
[WhiteElo "2670"]
[BlackElo "2700"]
[PlyCount "37"]
[EventDate "1974.09.16"]
[EventRounds "24"]
[EventCountry "URS"]
[Source "ChessBase"]
[SourceDate "1999.07.01"]

1. d4 Nf6 2. Nf3 e6 3. g3 b6 4. Bg2 Bb7 5. c4 Be7 6. Nc3 O-O 7. Qc2 c5 8. d5
exd5 9. Ng5 Nc6 10. Nxd5 g6 11. Qd2 Nxd5 (11... Ba6 12. b3 Nxd5 13. Bxd5 Bxg5
14. Qxg5 Nb4 15. Bxa8 Nc2+ 16. Kd1 Qxa8 17. Kxc2 Qxh1 18. Qe7 Qa8 19. Bh6 (19.
Bb2 Qe8 20. Qe5 Qxe5 21. Bxe5 Re8 22. f4 f6 23. Bxf6 Rxe2+ 24. Kc3 Re6 25. Bd8
b5 26. Rd1 Re3+ 27. Kc2 Re2+ 28. Kc1 bxc4 29. Rxd7 Rxa2 30. bxc4 Bxc4 31. Bf6
Rxh2 32. Rc7 Bb3 33. Rxc5 Kf7 34. Bh4 Ke6 35. Rb5 Bc4 36. Rb7 a5 37. Rxh7 a4
38. Ra7 Ra2 39. Kb1 Bb3 {1/2-1/2 (39) Nyback,T (2644)-Banikas,H (2582) Budva
2009}) 19... Re8 20. Qf6 Qe4+ 21. Kc3 Qe5+ 22. Qxe5 Rxe5 23. Rd1 Bc8 24. Be3
Kf8 25. a4 Ke7 26. a5 bxa5 27. Ra1 d6 28. Rxa5 a6 29. Ra2 Bb7 30. Bf4 Re6 31.
f3 Kd7 32. Rd2 Kc6 33. g4 Bc8 34. h4 Rf6 35. Bg5 Re6 36. e4 Re8 37. Bf4 Rd8 38.
Bg5 Re8 39. Bf6 Be6 40. Ra2 Ra8 41. g5 a5 42. Ra1 Kc7 {1/2-1/2 (42) Beliavsky,
A (2622)-Banikas,H (2609) Reykjavik 2015}) 12. Bxd5 Rb8 (12... Bxg5 13. Qxg5
Re8 14. h4 Re5 15. Qxd8+ Rxd8 16. Bg5 Rde8 17. O-O-O Rxe2 18. h5 Rxf2 19. hxg6
hxg6 20. Rd2 Rf5 21. Rdh2 Rxg5 22. Rh8+ Kg7 23. R1h7+ Kf6 24. Rxe8 Rxd5 25.
cxd5 Nd4 26. Rd8 Bxd5 27. Rxd7 Bxa2 28. Rxa7 Be6 29. Kd2 Nf5 30. Rb7 Nxg3 31.
Rxb6 Ke5 32. Rh8 Ne4+ 33. Ke3 Nd6 34. Kf2 g5 35. Rd8 Ne4+ 36. Kg1 g4 37. Rb5
Kf4 38. Rd1 f5 39. Rc1 g3 40. Rbxc5 Nxc5 41. Rxc5 Kg4 42. Rc6 Bd5 43. Rd6 Be4
44. Re6 Bd5 45. Rg6+ Kf3 46. Rd6 Be4 47. Rd7 {1/2-1/2 (47) Tkachiev,V (2645)
-Fontaine,R (2518) Besancon 2006}) 13. Nxh7 Re8 (13... Kxh7 14. Qh6+ Kg8 15.
Qxg6+ Kh8 16. Qh6+ Kg8) 14. Qh6 Ne5 15. Ng5 Bxg5 16. Bxg5 Qxg5 17. Qxg5 Bxd5
18. O-O Bxc4 19. f4 1-0

[Event "Candidates final"]
[Site "Moscow"]
[Date "1974.??.??"]
[Round "19"]
[White "Kortschnoj, Viktor"]
[Black "Karpov, Anatoly"]
[Result "1-0"]
[WhiteElo "2670"]
[BlackElo "2700"]
[PlyCount "157"]
[EventDate "1974.09.16"]
[EventRounds "24"]
[EventCountry "URS"]
[Source "ChessBase"]
[SourceDate "1999.07.01"]

1. d4 Nf6 2. Bg5 e6 3. e4 h6 4. Bxf6 Qxf6 5. Nf3 d6 6. Nc3 g6 7. Qd2 Qe7 8.
O-O-O a6 9. h4 Bg7 10. g3 b5 11. Bh3 b4 12. Nd5 exd5 13. Bxc8 O-O 14. Bb7 Ra7
15. Bxd5 c6 16. Bb3 Qxe4 17. Qd3 Qxd3 18. Rxd3 Nd7 19. Re1 Nb6 20. a4 bxa3 21.
bxa3 a5 22. Rde3 Bf6 23. a4 c5 24. dxc5 dxc5 25. Nd2 Kg7 26. Rf3 Rc7 27. Nc4
Nxc4 28. Bxc4 Rd8 29. c3 Rcd7 30. Kc2 Rd2+ 31. Kb3 Rd1 32. Rxd1 Rxd1 33. Bb5
Rd5 34. Re3 Re5 35. Rd3 Re2 36. Rf3 Re5 37. Kc4 Rf5 38. Rd3 Rxf2 39. Kxc5 Be5
40. Kb6 Rg2 41. c4 Rxg3 42. Rd7 g5 43. hxg5 hxg5 44. c5 Rc3 45. c6 g4 46. c7 g3
47. Bc6 Bxc7+ 48. Rxc7 Kh6 49. Rc8 f5 50. Rf8 Rxc6+ (50... Kg5 $11) 51. Kxc6
Kg5 52. Rg8+ (52. Kd5 Kg4 53. Ke5 g2 54. Rg8+ Kf3 55. Kxf5 Kf2 56. Ke5 g1=Q 57.
Rxg1 Kxg1 58. Kd5 Kf2 59. Kc5 Ke3 60. Kb5 Kd4 61. Kxa5 Kc5) 52... Kf4 (52...
Kh4 53. Kd5 Kh3 (53... f4 54. Ke4) 54. Kd4 (54. Ke5 g2 55. Kf4 Kh2 56. Kf3
g1=N+ 57. Kf2 Nh3+ 58. Ke3) 54... f4 55. Ke4) 53. Kb5 Kf3 54. Kxa5 f4 55. Kb4
Kg2 (55... g2 56. Kc4 (56. a5 Kf2 57. a6 g1=Q 58. Rxg1 Kxg1 59. a7 f3 60. a8=Q
f2) 56... Kf2 57. Kd3 f3 (57... g1=Q 58. Rxg1 Kxg1 59. Ke4) 58. Ke4) 56. a5 f3
57. a6 f2 58. a7 f1=Q 59. a8=Q+ Qf3 60. Qa2+ Qf2 61. Qd5+ Qf3 62. Qd2+ Qf2 63.
Kc3 Kg1 64. Qd1+ Kg2 65. Qd3 Qc5+ 66. Kb3 Qb6+ 67. Kc2 Qc6+ 68. Kd2 Qh6+ 69.
Qe3 Qh4 70. Rb8 Qf6 71. Rb6 Qf5 72. Rb2 Kh2 73. Qh6+ Kg1 74. Qb6+ Kh2 75. Qb8
Kh3 76. Qh8+ Kg4 77. Rb4+ Kf3 78. Qh1+ Kf2 79. Rb2 1-0

[Event "World Championship 29th"]
[Site "Baguio City"]
[Date "1978.10.12"]
[Round "31"]
[White "Kortschnoj, Viktor"]
[Black "Karpov, Anatoly"]
[Result "1-0"]
[WhiteElo "2665"]
[BlackElo "2725"]
[PlyCount "141"]
[EventDate "1978.07.??"]
[EventRounds "32"]
[EventCountry "PHI"]
[Source "ChessBase"]
[SourceDate "1999.07.01"]

1. c4 e6 2. Nc3 d5 3. d4 Nf6 4. cxd5 exd5 5. Bg5 Be7 6. e3 O-O 7. Bd3 Nbd7 8.
Nf3 Re8 9. Qc2 c6 10. O-O Nf8 11. Bxf6 Bxf6 12. b4 Bg4 13. Nd2 Rc8 14. Bf5 Bxf5
15. Qxf5 Qd7 16. Qxd7 Nxd7 17. a4 Be7 18. Rfb1 Nf6 19. a5 a6 20. Na4 Bf8 21.
Nc5 Re7 22. Kf1 Ne8 23. Ke2 Nd6 24. Kd3 Rce8 25. Re1 g6 26. Re2 f6 27. Rae1 Bh6
28. Ndb3 Bf8 29. Nd2 Bh6 30. h3 Kf7 31. g4 Bf8 32. f3 Rd8 33. Ndb3 Nb5 34. Rf1
Bh6 35. f4 Bf8 36. Nd2 Nd6 37. Rfe1 h6 38. Rf1 Rb8 39. Ra1 Rbe8 40. Rae1 Rb8
41. e4 dxe4+ 42. Ndxe4 Nb5 43. Nc3 Rxe2 44. Rxe2 Bxc5 45. bxc5 Rd8 46. Nxb5
axb5 47. f5 gxf5 48. gxf5 Rg8 49. Kc3 Re8 50. Rd2 Re4 (50... Ke7 51. Rg2) 51.
Kb4 Ke8 52. a6 bxa6 53. Ka5 Kd7 54. Kb6 b4 55. d5 cxd5 56. Rxd5+ Kc8 57. Rd3 a5
(57... Rc4 58. c6 Rc3 59. Rd2 b3 60. Rg2 Kd8 61. Kb7 a5) 58. Rg3 b3 59. Kc6 Kb8
60. Rxb3+ Ka7 61. Rb7+ Ka6 62. Rb6+ Ka7 63. Kb5 a4 64. Rxf6 Rf4 65. Rxh6 a3 66.
Ra6+ Kb8 67. Rxa3 Rxf5 68. Rg3 Rf6 69. Rg8+ Kc7 70. Rg7+ Kc8 71. Rh7 1-0

[Event "Dortmund"]
[Site "Dortmund"]
[Date "1994.??.??"]
[Round "7"]
[White "Karpov, Anatoly"]
[Black "Kortschnoj, Viktor"]
[Result "0-1"]
[WhiteElo "2740"]
[BlackElo "2615"]
[Annotator "Ftacnik,L"]
[PlyCount "144"]
[EventDate "1994.07.??"]
[EventType "tourn"]
[EventRounds "9"]
[EventCountry "GER"]
[EventCategory "16"]
[Source "ChessBase"]
[SourceDate "1994.10.01"]

1. d4 {Kortschnoj} Nf6 2. c4 e6 3. Nf3 b6 4. a3 Bb7 5. Nc3 d5 6. Bg5 Be7 7.
Qa4+ c6 8. Bxf6 Bxf6 9. cxd5 exd5 10. g3 O-O 11. Bg2 Nd7 (11... c5 {Kortschnoj}
12. O-O Bc6 13. Qd1) 12. O-O Be7 (12... Re8 13. Rad1 g6) 13. Rfd1 (13. e3) (13.
b4 $6 b5 14. Qb3 a5 $36) (13. e4 {Kortschnoj} dxe4 14. Nxe4 c5 15. d5 Nf6 $10)
13... f5 14. e3 Bd6 15. Ne2 (15. b4 b5 16. Qb3 Nb6 {/\ Nc4} (16... a5 17. e4 $1
$36)) 15... Qe7 (15... g5 16. Nc1 $1 f4 17. exf4 gxf4 18. Nd3 $14) 16. Nf4 a5
17. Nd3 b5 18. Qc2 a4 19. Re1 Kh8 20. Rac1 Nb6 (20... Rae8 $6 21. Nc5 $16) 21.
Nfe5 Nc4 22. f4 $1 g5 23. Qe2 $1 Rg8 24. Kf2 (24. Qh5 Raf8 25. Nf3 $1 g4 26.
Nfe5 $16) (24. Qh5 $5 {Kortschnoj}) 24... Raf8 25. Nf3 (25. Qh5 Bxe5 26. fxe5
Bc8 {/\ f4<=>}) 25... h6 26. Nfe5 Kh7 27. Kg1 $6 (27. Rh1 $5 {/\ h3, Bf3-h5}) (
27. Qh5) (27. Rh1 {Kortschnoj} Rg7 28. h3 $14) 27... Qe8 28. Qc2 $6 Kh8 29. Nf2
Rg7 30. Re2 Bc8 31. Rce1 Rfg8 32. Nxc4 $2 (32. Nfd3 $10 {Kortschnoj}) 32...
bxc4 $1 33. Qxa4 Rb7 34. Nd1 h5 35. Kf2 $6 (35. Kf1 {/\ Rf2}) (35. fxg5 h4 (
35... Rxg5 36. Bxd5 $1) 36. gxh4 Rh7 37. Nf2 Bd7 $40) 35... Bd7 36. Qc2 Qg6 37.
Kf1 (37. Rg1 h4 $1 $40) 37... h4 38. Rf2 g4 39. Kg1 $2 (39. gxh4 Be7 40. Rd2
Bxh4 41. Ree2 g3 42. h3 $13) 39... Rgb8 $2 (39... h3 $1 40. Bf1 Rgb8 $17) 40.
Qe2 $2 (40. gxh4 $1 Be7 41. Rd2 Bxh4 42. Rf1) (40. gxh4 $13 {Kortschnoj}) 40...
h3 $1 41. Bf1 Bc7 (41... Rb3 $1) 42. b4 $1 (42. Qc2 $15 {Kortschnoj}) 42...
cxb3 43. Nb2 Bd6 44. a4 Qe6 (44... Ba3 45. Ra1 Qd6 46. a5 Ra7 47. a6 Bc8 $17)
45. Rd1 Ra7 (45... c5 $17 {Kortschnoj}) 46. Rd3 Kh7 (46... c5 $1 {Kortschnoj})
47. Qd1 c5 48. Rxb3 Rxb3 $2 (48... c4 $1 $17) (48... c4 {Kortschnoj} 49. Rxb8
Bxb8 $15) 49. Qxb3 c4 50. Qb6 Ra8 51. e4 $3 fxe4 (51... Rb8 52. exd5 Qe3 53.
Qxd6 Rxb2 54. Qxd7+ Kh8 55. Qd8+ Kg7 56. Qg5+ $18) (51... dxe4 52. Nxc4 Be7 53.
a5 $16) (51... c3 52. exf5 $1) 52. f5 Qe7 53. Nd1 Rb8 54. Qa5 Bc6 55. f6 Qe6 (
55... Bb4 56. Qxd5 $1 (56. fxe7 Bxa5 57. Rf8 Re8 $17) 56... Bxd5 57. fxe7 Bxe7
58. Nc3 $1) 56. Ne3 Rb3 (56... Kg6 $16 {Kortschnoj}) 57. Qa7+ Bb7 (57... Bd7
58. Nxd5 e3 59. Nxe3 $1 Rxe3 60. d5 $1 Qe8 61. f7 $18) 58. a5 (58. Be2 $1 Rb1+
(58... Kg6 {Kortschnoj} 59. Bxg4 Rb1+ 60. Rf1 Rxf1+ 61. Kxf1 Qxf6+ 62. Bf5+ Kg5
63. Qxb7 Qxd4 64. Bg4 $1 $18) 59. Rf1 Rxf1+ 60. Kxf1 Qxf6+ 61. Kg1) 58... Bf8
$1 59. Rf4 $6 (59. Be2 $1) (59. a6 $5 Qxa6 60. Qb8 Qd6 (60... Bh6 61. Qc7+) (
60... Bc8 61. Qc7+ Kg8 62. Nf5 Qxf6 63. Qxc8 Rf3 64. Be2 $18) 61. Qe8 Rxe3 62.
Qf7+ Kh6 (62... Kh8 63. Rf5) 63. Rf5 Rxg3+ 64. Kh1 $18) (59. Be2 $18 {
Kortschnoj}) 59... Bh6 60. f7 Bxf4 61. f8=Q $2 (61. f8=N+ Kh6 62. gxf4 (62.
Nxe6 Bxe3+ 63. Kh1 Rb1 $19) 62... Qf7 (62... Qc8 {Kortschnoj} 63. Qc5 Qxc5 64.
Nxg4+ Kh5 65. Nf6+ Kh6 66. Ng4+ $10) 63. Qb8 $1 (63. Nxg4+ $6 Kh5) 63... Kg7 (
63... Rxe3 64. Qd6+ Kg7 65. Ne6+) 64. Qe5+ Kxf8 65. Nf5 $132) 61... Bxe3+ 62.
Kh1 Bh6 63. Qf2 Bg7 64. a6 Rf3 $1 65. Qe1 (65. Qxf3 exf3 66. axb7 Qe1 $19)
65... Bxa6 66. Be2 Rf7 67. Qc5 c3 68. Qcxc3 Bxe2 69. Qxe2 Qf6 70. Qc1 Bh6 71.
Qb1 Qf5 72. Kg1 Rc7 0-1

[Event "Candidates final"]
[Site "Moscow"]
[Date "1974.??.??"]
[Round "15"]
[White "Kortschnoj, Viktor"]
[Black "Karpov, Anatoly"]
[Result "1/2-1/2"]
[WhiteElo "2670"]
[BlackElo "2700"]
[Annotator "ChessBase"]
[PlyCount "93"]
[EventDate "1974.09.16"]
[EventType "match"]
[EventRounds "24"]
[EventCountry "URS"]
[Source "ChessBase"]
[SourceDate "1999.07.01"]

1. Nf3 Nf6 2. g3 d5 3. Bg2 Bf5 4. c4 c6 (4... e6 $142) 5. cxd5 $5 cxd5 6. Qb3
$14 {Barcza} Qc8 (6... Qd7 7. d3 (7. Ne5 $5 Qc7 8. Nc3 e6 9. d3 $36) 7... Nc6
8. O-O e6 9. Nc3 Be7 10. Bf4 O-O 11. e4 $5 (11. Ne5 Nxe5 12. Bxe5 Ng4 $5 13.
Bf4 d4 $132) 11... Bg4 (11... dxe4 12. dxe4 Nxe4 13. Nxe4 Bxe4 14. Ne5 $146)
12. Ne5 Nxe5 13. Bxe5 Rfd8 14. exd5 Nxd5 15. Nxd5 exd5 16. Rac1 $16 {Dizdar,
G-Miladinovic,I,Belgrade GMA op 1988}) (6... Qb6 7. Qxb6 axb6 8. Nc3 Nc6 (8...
e6 9. Nd4 $14) (8... Bd7 $5 {><b5}) 9. d3 e6 10. Nb5 Ra5 $5 11. Nbd4 (11. Nfd4
Bg6 12. f4 $14) 11... Bg6 12. Bd2 Ra4 13. Nb5 Bb4 14. b3 Bxd2+ 15. Kxd2 Ra5 16.
a4 Kd7 17. Rhc1 Rc8 18. Rc2 Ne8 19. Rac1 f6 20. Nfd4 $14 {Ninov,K-Hulak,K,
Sarajevo 1988}) 7. Nc3 e6 8. d3 Nc6 9. Bf4 Be7 10. O-O O-O 11. Rac1 Bg6 $5 (
11... Qd7 12. Ne5 (12. e4 $5 $36) 12... Nxe5 13. Bxe5 Ng4 14. Bd4 Bd6 15. Nb5
Bb8 16. e4 a6 17. Bc5 Re8 18. Nc3 dxe4 19. dxe4 $16 {Kirov,N-Agzamov,G,Potsdam
1985}) (11... Nd7 12. Nb5 Nc5 13. Qd1 Qd7 14. Nbd4 Nxd4 15. Nxd4 Bg4 16. h3 e5
17. hxg4 exf4 18. gxf4 Qxg4 19. e3 $14 {Petrosian,A-Meduna,E,Lvov 1981}) 12.
Ne5 Nd7 $8 (12... Nxe5 $2 13. Nxd5 $1 $18) 13. Nxg6 hxg6 14. h4 $1 (14. e4 Nc5
15. Qd1 dxe4 16. Nxe4 Nxe4 17. Bxe4 Qd7 $10 {Botvinnik}) 14... Nc5 15. Qd1 Qd8
(15... Qd7 16. d4 Na6 17. e4 dxe4 18. d5 $1 $36) 16. d4 Nd7 17. e4 Nb6 (17...
dxe4 $6 18. d5 $16) 18. e5 {()->>>} (18. exd5 Nxd5 19. Nxd5 exd5 20. Re1 Qd7
21. Kh2 Rfe8 22. Qb3 $14 {Dzindzichashvili,R-Brunner,L,Luzern WchT 1989}) 18...
Rc8 19. Bh3 a6 20. Kg2 Nc4 (20... g5 $2 21. hxg5 Bxg5 22. Qh5 $1 Bxf4 23. gxf4
Nxd4 24. Rh1 $40) 21. b3 Na3 $6 (21... Nb6 $142 $16) 22. Na4 $1 Nb4 23. Qd2 b5
(23... Qa5 $5 {/\Nc6}) 24. Nc5 Bxc5 25. dxc5 $2 (25. Rxc5 $1 {/\} Rxc5 $2 26.
Qxb4 $18) 25... Nc6 26. Rfe1 d4 $132 27. Bg4 Qa5 28. Qxa5 (28. Qe2 $5 $14)
28... Nxa5 29. Bd2 Nc6 30. Bf3 (30. Be2 $5 {/\Bd3} Nxe5 31. Bxb5 axb5 32. Rxe5
$36) 30... d3 31. Re3 Nc2 $1 $10 32. Rxd3 Nxe5 33. Rd6 Rxc5 (33... Nxf3 $6 34.
Rxc2 $16) 34. Be4 Rfc8 35. Rd1 (35. Bf4 $142 $146) 35... Nc6 36. Bg5 a5 37. Rd7
N6b4 38. Rb7 Nd5 $15 39. Bxd5 exd5 40. Be7 R5c7 41. Rxc7 Rxc7 42. Bd8 Rd7 43.
Bxa5 d4 {/\b4,d3} 44. a4 $1 bxa4 45. bxa4 Ra7 46. Bb6 $10 Rxa4 47. Kf1 {
/\Ke2-d3=} 1/2-1/2

[Event "World Championship 29th"]
[Site "Baguio City"]
[Date "1978.07.27"]
[Round "5"]
[White "Kortschnoj, Viktor"]
[Black "Karpov, Anatoly"]
[Result "1/2-1/2"]
[WhiteElo "2665"]
[BlackElo "2725"]
[PlyCount "247"]
[EventDate "1978.07.??"]
[EventType "match"]
[EventRounds "32"]
[EventCountry "PHI"]
[Source "ChessBase"]
[SourceDate "1999.07.01"]

1. c4 Nf6 2. d4 e6 3. Nc3 Bb4 4. e3 c5 5. Nge2 d5 6. a3 Bxc3+ 7. Nxc3 cxd4 8.
exd4 dxc4 9. Bxc4 Nc6 10. Be3 O-O 11. O-O b6 12. Qd3 Bb7 13. Rad1 h6 14. f3 Ne7
15. Bf2 Nfd5 16. Ba2 Nf4 17. Qd2 Nfg6 18. Bb1 Qd7 19. h4 Rfd8 20. h5 Nf8 21.
Bh4 f6 22. Ne4 Nd5 23. g4 Rac8 24. Bg3 Ba6 25. Rfe1 Rc6 26. Rc1 Ne7 27. Rxc6
Qxc6 28. Ba2 Qd7 29. Nd6 Bb7 30. Nxb7 Qxb7 31. Qe3 Kh8 32. Rc1 Nd5 33. Qe4 Qd7
34. Bb1 Qb5 35. b4 Qd7 36. Qd3 Qe7 37. Kf2 f5 38. gxf5 exf5 39. Re1 Qf6 40. Be5
Qh4+ 41. Bg3 Qf6 42. Rh1 Nh7 43. Be5 Qg5 44. Qxf5 Qd2+ 45. Kg3 Nhf6 46. Rg1 Re8
47. Be4 Ne7 48. Qh3 Rc8 49. Kh4 Rc1 50. Qg3 Rxg1 51. Qxg1 Kg8 52. Qg3 Kf7 53.
Bg6+ Ke6 54. Qh3+ Kd5 55. Be4+ Nxe4 56. fxe4+ Kxe4 57. Qg4+ Kd3 58. Qf3+ Qe3
59. Kg4 Qxf3+ 60. Kxf3 g6 61. Bd6 Nf5 62. Kf4 Nh4 63. Kg4 gxh5+ 64. Kxh4 Kxd4
65. Bb8 a5 66. Bd6 Kc4 67. Kxh5 a4 68. Kxh6 Kb3 69. b5 Kc4 70. Kg5 Kxb5 71. Kf5
Ka6 72. Ke6 Ka7 73. Kd7 Kb7 74. Be7 Ka7 75. Kc7 Ka8 76. Bd6 Ka7 77. Kc8 Ka6 78.
Kb8 b5 79. Bb4 Kb6 80. Kc8 Kc6 81. Kd8 Kd5 82. Ke7 Ke5 83. Kf7 Kd5 84. Kf6 Kd4
85. Ke6 Ke4 86. Bf8 Kd4 87. Kd6 Ke4 88. Bg7 Kf4 89. Ke6 Kf3 90. Ke5 Kg4 91. Bf6
Kh5 92. Kf5 Kh6 93. Bd4 Kh7 94. Kf6 Kh6 95. Be3+ Kh5 96. Kf5 Kh4 97. Bd2 Kg3
98. Bg5 Kf3 99. Bf4 Kg2 100. Bd6 Kf3 101. Bh2 Kg2 102. Bc7 Kf3 103. Bd6 Ke3
104. Ke5 Kf3 105. Kd5 Kg4 106. Kc5 Kf5 107. Kxb5 Ke6 108. Kc6 Kf6 109. Kd7 Kg7
110. Be7 Kg8 111. Ke6 Kg7 112. Bc5 Kg8 113. Kf6 Kh7 114. Kf7 Kh8 115. Bd4+ Kh7
116. Bb2 Kh6 117. Kg8 Kg6 118. Bg7 Kf5 119. Kf7 Kg5 120. Bb2 Kh6 121. Bc1+ Kh7
122. Bd2 Kh8 123. Bc3+ Kh7 124. Bg7 1/2-1/2

[Event "World Championship 29th"]
[Site "Baguio City"]
[Date "1978.08.26"]
[Round "17"]
[White "Kortschnoj, Viktor"]
[Black "Karpov, Anatoly"]
[Result "0-1"]
[WhiteElo "2665"]
[BlackElo "2725"]
[PlyCount "78"]
[EventDate "1978.07.??"]
[EventType "match"]
[EventRounds "32"]
[EventCountry "PHI"]
[Source "ChessBase"]
[SourceDate "1999.07.01"]

1. c4 Nf6 2. Nc3 e6 3. d4 Bb4 4. e3 O-O 5. Bd3 c5 6. d5 b5 7. dxe6 fxe6 8. cxb5
a6 9. Nge2 d5 10. O-O e5 11. a3 axb5 12. Bxb5 Bxc3 13. bxc3 Ba6 14. Rb1 Qd6 15.
c4 d4 16. Ng3 Nc6 17. a4 Na5 18. Qd3 Qe6 19. exd4 cxd4 20. c5 Rfc8 21. f4 Rxc5
22. Bxa6 Qxa6 23. Qxa6 Rxa6 24. Ba3 Rd5 25. Nf5 Kf7 26. fxe5 Rxe5 27. Rb5 Nc4
28. Rb7+ Ke6 29. Nxd4+ Kd5 30. Nf3 Nxa3 31. Nxe5 Kxe5 32. Re7+ Kd4 33. Rxg7 Nc4
34. Rf4+ Ne4 35. Rd7+ Ke3 36. Rf3+ Ke2 37. Rxh7 Ncd2 38. Ra3 Rc6 39. Ra1 Nf3+
0-1

[Event "Lone Pine op"]
[Site "Lone Pine"]
[Date "1981.??.??"]
[Round "?"]
[White "Kortschnoj, Viktor"]
[Black "Jussupow, Artur"]
[Result "1-0"]
[WhiteElo "2650"]
[BlackElo "2575"]
[PlyCount "78"]
[EventDate "1981.04.??"]
[EventType "swiss"]
[EventRounds "9"]
[EventCountry "USA"]
[Source "ChessBase"]
[SourceDate "1999.07.01"]

1. d4 d5 2. c4 c6 3. Nf3 Nf6 4. e3 Bg4 5. h3 Bxf3 6. Qxf3 e6 7. Bd3 Nbd7 8. Nc3
g6 9. O-O Bg7 10. Rd1 O-O 11. Qe2 Qc7 12. Bd2 Rad8 13. Rac1 Qb8 14. Be1 Rfe8
15. Qc2 Rc8 16. b4 e5 17. dxe5 Nxe5 18. cxd5 Nxd5 19. Be2 Nxb4 20. Qb3 Nd5 21.
Nxd5 cxd5 22. Qxd5 Rxc1 23. Rxc1 Rc8 24. Rd1 Nc6 25. Bc4 Qc7 26. Qe4 Ne5 27.
Bb3 b5 28. Qd5 a6 29. a4 Bf6 30. Qe4 Nc4 31. axb5 axb5 32. Rd5 Ra8 33. Kf1 Ra1
34. Ke2 Kg7 35. Bb4 Nb6 36. Rd6 Rc1 37. Rxf6 Kxf6 38. Qd4+ Kg5 39. Be7+ Qxe7
1-0